000 00507nam a2200193Ia 4500
005 20250508150238.0
008 008 250505s9999 xx 000 0 eng d
037 _aTextual
040 _aFEDL
_beng
_cFEDL
041 _aeng
_2eng
084 _a330, HAR
_qFEDL
100 _aHarrod R. F.
245 0 _aInternational economics
260 _aLondon, UK
_bNisbet and Company Limited
_c1947
300 _a207p
650 _aEconomics
942 _cTEXL
_h330, HAR
999 _c1322610
_d1322610